00560nam a2200181Ia 4500008004100000082002000041100002300061245003100084260004600115300002000161365002700181366000800208505002000216530000900236620007100245630003100316730003100347100315s9999 xx 000 0 und d b1147 a657.2  a"Batliboi, J. R. " aDouble-Entry: Book Keeping aMumbai bSyandard Accountancy  c1978  a"VIII,456p.  " eRupees d1 b18.40  f0  gTushar Jadhav  b-   a"Ledger Accounts, Sub Division of Journal, Banking Transaction, " aDouble-Entry: Book Keeping aDouble-Entry: Book Keeping